Efekty priamych zahraničných investícií v diele T. Pikettyho bakalárska práca

Saved in:
Bibliographic Details
Main Author: Glonek, Matej
Corporate Author: Obchodná fakulta EU. Katedra medzinárodného obchodu
Other Authors: Zábojník, Stanislav, 1984-
Format: Book
Language:Slovak
Published: Bratislava 2021
Tags: Add Tag
No Tags, Be the first to tag this record!

MARC

LEADER 00000nbm a2200000 4500
001 0275883
005 20220209124057.0
041 0 |a slo 
044 |a SK 
245 1 0 |a Efekty priamych zahraničných investícií v diele T. Pikettyho  |b bakalárska práca  |c Matej Glonek ; školiteľ: Ľuboš Pavelka 
264 1 |a Bratislava  |c 2021 
300 |a 57 s. 
100 1 |a Glonek, Matej 
700 1 |a Zábojník, Stanislav, 1984- 
710 2 |a Obchodná fakulta EU. Katedra medzinárodného obchodu